000 00302nam a22001337a 4500
008 171031b xxu||||| |||| 00| 0 eng d
020 _a9780470744796
041 _aeng
080 _25TH
_a33
100 _a59
101 _aBUS
245 _aRESEARCH METHODS FOR BUSINESS
_cSEKARAN,U
942 _2udc
_cBK
999 _c36842
_d36842